000
00295nam a2200133Ia 4500
005
20260328104312.0
008
260328s9999||||xx |||||||||||||| ||und||
100
_a
Sánchez, Álex
245
0
_a
Bambú /
_c
Álex Sánchez
260
_b
FKG
300
_a
382 p.
650
_a
BAMBÚ
942
_c
BK
999
_c
11022
_d
11022